| 000 | 00834cam a22002413a 4500 | ||
|---|---|---|---|
| 001 | 29220 | ||
| 003 | PGUSA | ||
| 005 | 20140828083631.0 | ||
| 008 | 090625s2009||||xxu|||||s|||||000 1 eng d | ||
| 040 |
_aPGUSA _beng |
||
| 042 | _adc | ||
| 050 | 4 | _aPR | |
| 100 | 1 |
_aWoolf, Virginia, _d1882-1941 |
|
| 245 | 1 | 0 |
_aMonday or Tuesday _h[electronic resource] / _cVirginia Woolf |
| 260 |
_bProject Gutenberg, _c2009 |
||
| 505 | 0 | _aA haunted house -- A society -- Monday or Tuesday -- An unwritten novel -- The string quartet -- Blue and green -- Kew Gardens -- The mark on the wall. | |
| 506 | _aPublic domain in the USA. | ||
| 516 | _aElectronic text | ||
| 653 | _aEngland -- Social life and customs -- 20th century -- Fiction | ||
| 830 | 0 |
_aProject Gutenberg _v29220 |
|
| 856 | 4 | 0 | _uhttp://www.gutenberg.org/ebooks/29220 |
| 942 | _cEB | ||
| 999 |
_c258475 _d258475 |
||